000 00458cam a22001694a 4500
020 _a0821357573
040 _cDLC
082 0 0 _a616 WOR 2008 A110 Or.
245 0 2 _aA sourcebook of HIV/AIDS prevention programs /
260 _aWashington, DC :
_bWorld Bank,
_c2004-c2008.
300 _a2 v. :
_bill. ;
_c28 cm.
650 0 _aAIDS (Disease)
700 1 _aValerio, Alexandria,
700 1 _aBundy, Donald A. P.
700 1 _aBeasley, Michael,
942 _cEK
999 _c16700
_d16700